| 000 | 00773cad a22001695a 4500 | ||
|---|---|---|---|
| 008 | 231101s2009 xxk f 000 0 eng d | ||
| 041 | 0 | _aeng | |
| 245 | 4 | 4 |
_aZC2 RICS RICS Global Carbon Capacity Index 2008 results _h[electronic resource] |
| 260 |
_aLondon _bRICS _cMarch 2009 |
||
| 300 | _a7p. | ||
| 520 | _a2008 RICS Global Carbon Capacity Index aimed at tracking progress of countries towards a zero carbon built environment identifies Norway as the country making the most progress. | ||
| 650 | 2 | 4 | _aRICS GLOBAL CARBON CAPACITY INDEX |
| 651 | 4 | _aInternational | |
| 690 |
_aEnvironment _96238 |
||
| 856 | 4 | 8 |
_uhttps://www.isurv.com/downloads/file/2498/rics_global_carbon_capacity_index_-_zc2_-_2008_results _zarchived on isurv (subscription required) |
| 942 |
_n0 _2ddc |
||
| 999 |
_c121692 _d121692 |
||